000 00642nam a2200253Ia 4500
001 16401
003 GE_BSU
008 181216s||||||||xx |||||||||||||| ||und||
020 _a9780203126776(ebk)
040 _cGE_BSU
080 _a811.111+34
100 _aHAIGH, RUPERT
245 _aLegal English
250 _aThird Edition
260 _aLondon And New York
260 _bRoutledge:Taylor & Francis Group
260 _c2012
300 _a302p;23cm
541 _h141gel
653 _alegal composition,law-terminology,law-language.
653 _aLegal English
653 _aინგლისური ენა
942 _cBK
999 _c49477
_d49477